000 01057nam a22002897a 4500
001 BR8707586
003 BR-BrBNA
005 20230928092753.0
007 ta
008 230509b bl.||||| |||| 00| 0 por d
040 _aBR-BrBNA
_bpor
_cBiblioteca Nacional de Agricultura
041 _a(Por)
072 _aK10
_b3240
_b/G514
_b/GZ65
090 _ 3240 BR8707586
100 1 _aTeixeira, J.L.
110 1 _aUniversidade Federal de Vicosa, MG (Brasil)
_0Tese (Magister Scientiae)
245 1 _aConteudo de nutrientes de producao e eucalipto em diferentes ambientes do Rio Doce - Minas Gerais
246 1 _a[Nutrient content and production of Eucalyptus grandis in different environment of Rio Doce - Minas Gerais]
260 3 _aVicosa, MG (Brasil):
_c1987.
300 _a70 p.
500 _a19 illus.; 10 tables; 26 ref.; Summary (Por). (*) Documento disponível na(o) Universidade Federal de Vicosa, MG (Brazil)
650 _aEUCALIPTO
650 _aNUTRIENTE
650 _aMINAS GERAIS
909 _a202309
_bLucia
_c55
_dLucia Elande
942 _cBK
999 _c41090
_d41090